000 00933nam a2200265Ia 4500
003 OSt
005 20220918171410.0
006 a|||||r|||| 00| 0
007 ta
008 220917b |||||||| |||| 00| 0 eng d
020 _a9781626377370 (hbk)
_cUSD 32.50
024 _a348,720
037 _bBW/005372, 15/03/2019, Brijwasi Book Distributors
_cTextual
040 _aARTS
_cARTS
_beng
041 _2eng
_aeng
082 _aV6:19, Q8
100 _aWhitaker Beth Elise Au.
_936362
245 0 _aAfrica's international relations
_b balancing domestic and global interests
260 _aLondon
_bLynne Rienner UK
_c2018
300 _axiii,417p.
_ccm.
650 _aAFRICA - HISTORY; INTERNATIONAL RELATIONS
_936048
700 _a Clark John F. Au.
_936363
942 _hV6:19, Q8
_cTEXL
_2CC
999 _c139413
_d139413